Language by 'Lord of the Rings' Cover Quiz Stats

Quiz Updated Sep 27, 2017

Score 0/25 Timer 08:00
6 Plays Today
% Correct
German
99.4%
Chinese
96.3%
French
95.2%
Spanish
90.8%
Italian
90%
Russian
86.7%
Swedish
83.1%
Japanese
74.9%
Polish
73.2%
Greek
70.7%
Korean
70.6%
Portuguese
67.1%
Dutch
62.8%
% Correct
Turkish
59.3%
Hebrew
56.4%
Danish
56%
Vietnamese
50.6%
Czech
47.8%
Finnish
47.1%
Hungarian
46.7%
Serbian
45%
Icelandic
42.4%
Romanian
37.2%
Croatian
36.2%
Esperanto
21.3%

You're not logged in!

Compare scores with friends on all Sporcle quizzes.
Sign Up with Email
OR
Log In

You Might Also Like...

Show Comments

Extras

Top Quizzes Today


Score Distribution

Your Account Isn't Verified!

In order to create a playlist on Sporcle, you need to verify the email address you used during registration. Go to your Sporcle Settings to finish the process.

Report this User

Report this user for behavior that violates our Community Guidelines.

Details: